| 000 | 01018nam a2200289 i 4500 | ||
|---|---|---|---|
| 001 | 186193 | ||
| 003 | SpMaBN | ||
| 005 | 20250831013821.0 | ||
| 008 | 160916s2012 sp |||| | spa d | ||
| 020 | _a978-84-306-0069-4 | ||
| 080 | _a316.344(73) | ||
| 080 | _a338.1/.2(73) | ||
| 100 | 1 |
_aStiglitz, Joseph E. _9108220 |
|
| 245 | 1 | 3 |
_aEl precio de la desigualdad _b: el 1 por ciento de la población tiene lo que el 99 por ciento necesita / _cJoseph E. Stiglitz ; [traducción de Alejandro Pradera]. |
| 260 |
_a[Madrid] : _bTaurus, _c[2012] |
||
| 300 |
_a498 p. ; _c24 cm. |
||
| 490 | 1 | _aPensamiento | |
| 500 | _aÍndice. | ||
| 650 | 7 |
_aDesigualdad social- _yS.XX. _911835 |
|
| 651 | 4 |
_aEstados Unidos- _xSituación económica _98572 |
|
| 651 | 4 |
_aEstados Unidos- _xPolítica económica _98549 |
|
| 830 | 0 |
_aPensamiento _9178722 |
|
| 852 |
_aES-MaACL _jA-13937 _9193247 _bR.151152 _cDEPO1 _dOlim: N-6937 |
||
| 942 |
_2udc _cMONOGRAFIA |
||
| 999 |
_c186193 _d186193 |
||